000
00289nam a22001337a 4500
003
SGT
082
_a
617.692
_b
T17M
100
_a
MOOND, VIKRAM
245
_a
THE EFFECT OF OCCLYSOL VARIATION
260
_a
SGTU
_c
2017
300
_a
68
650
_a
PROSTHODONTICS DENTAL
942
_2
ddc
_c
TH
999
_c
20657
_d
20657